Microscale and nanoscale heat transfer : (Record no. 26940)
[ view plain ]
| 000 -LEADER | |
|---|---|
| fixed length control field | 03494cam a22003135a 4500 |
| 001 - CONTROL NUMBER | |
| control field | 19399165 |
| 005 - DATE AND TIME OF LATEST TRANSACTION | |
| control field | 20181103151049.0 |
| 008 - FIXED-LENGTH DATA ELEMENTS--GENERAL INFORMATION | |
| fixed length control field | 161206t2016 flua frb 001 0 eng d |
| 010 ## - LIBRARY OF CONGRESS CONTROL NUMBER | |
| LC control number | 2016427979 |
| 020 ## - INTERNATIONAL STANDARD BOOK NUMBER | |
| International Standard Book Number | 9781498736305 (hdb) |
| 035 ## - SYSTEM CONTROL NUMBER | |
| System control number | (OCoLC)ocn913768204 |
| 040 ## - CATALOGING SOURCE | |
| Original cataloging agency | YDXCP |
| Language of cataloging | eng |
| Transcribing agency | YDXCP |
| Modifying agency | BDX |
| -- | OCLCQ |
| -- | BTCTA |
| -- | OCLCQ |
| -- | CDX |
| -- | OCLCO |
| -- | OCLCF |
| -- | IPL |
| -- | OCL |
| -- | DLC |
| -- | EG-ScBUE |
| 082 04 - DEWEY DECIMAL CLASSIFICATION NUMBER | |
| Classification number | 621.4022 |
| Item number | REB |
| Edition number | 22 |
| 100 1# - MAIN ENTRY--PERSONAL NAME | |
| Personal name | Rebay, Mourad. |
| 9 (RLIN) | 41883 |
| 245 10 - TITLE STATEMENT | |
| Title | Microscale and nanoscale heat transfer : |
| Remainder of title | analysis, design, and applications / |
| Statement of responsibility, etc | Mourad Rebay, Sadik Kakaç, Renato M. Cotta. |
| 260 ## - PUBLICATION, DISTRIBUTION, ETC. (IMPRINT) | |
| Place of publication, distribution, etc | Boca Raton, FL : |
| Name of publisher, distributor, etc | CRC Press / Taylor & Francis Group, |
| Date of publication, distribution, etc | c.2016. |
| 300 ## - PHYSICAL DESCRIPTION | |
| Extent | xvii, 487 p. : |
| Other physical details | ill. ; |
| Dimensions | 26 cm. |
| 504 ## - BIBLIOGRAPHY, ETC. NOTE | |
| Bibliography, etc | Includes bibliographical references and index. |
| 505 0# - FORMATTED CONTENTS NOTE | |
| Formatted contents note | Chapter 1. Interface resistance and thermal transport in nano-confined liquids / Murat Barisik and Ali Beskok --<br/>chapter 2. Molecular dynamics simulations for water-metal interfacial thermal resistance / Jerry Vera and Yildiz Bayazitoglu --<br/>chapter 3. Convective heat transfer enhancement with nanofluids : a state-of-the-art review / Sadık Kakaç and Anchasa Pramuanjaroenkij --<br/>chapter 4. Heat conduction in nanofluids / J.L. Wang and X. Zhang --<br/>chapter 5. Thermophysical properties of nanofluids / S. Özerinç, Sadık Kakaç, and Almila Güvenç Yazicioğlu --<br/>chapter 6. Stability of nanofluids : fundamentals, state-of-the-art, and potential applications / Eskişehir B. Elçioğlu, E. Şimşek, and Tuba Okutucu-Özyurt --<br/>chapter 7. Numerical approaches for convective heat transfer with nanofluids / Ismail Ozan Sert, Nilay Sezer-Uzol, and Sadık Kakaç --<br/>chapter 8. Heat pipes and nanotechnologies / Leonard L. Vasiliev and Leonid L. Vasiliev, Jr. --<br/>chapter 9. Nanofluid flow simulation as the flow through the porous media / Amarin Tongkratoke, Anchasa Pramuanjaroenkij, and Sadık Kakaç --<br/>chapter 10. Convective heat transfer with gaseous flow in microducts / Almila Güvenç Yazicioğlu and Sadık Kakaç --<br/>chapter 11. Numerical simulation of combined microscale effects on convective heat transfer in single-phase flows / Mourad Rebay, Yassine Kabar, and Sadık Kakaç --<br/>chapter 12. Numerical and experimental studies of liquid and gas flow and heat transfer in microchannels and nozzles / Ya-Ling He and Wen-Quan Tao --<br/>chapter 13. Analytical-numerical solutions for conjugated heat transfer in multistream microsystems / J.L.Z. Zotin, Diego C. Knupp, and Renato M. Cotta --<br/>chapter 14. Direct-inverse problem analysis in the thermal characterization of microsystems / Carolina P. Naveira-Cotta --<br/>chapter 15. Application of the Lattice Boltzmann Method (LBM) to thermal microflows / A.A. Mohamad and Khaled M. Issa --<br/>chapter 16. Heat and fluid flow of gases in porous media with micropores : slip flow regime / Moghtada Mobedi, Murat Barisik, and A. Nakayama --<br/>chapter 17. Numerical analysis of subcooled convective boiling in microchannels / Mourad Rebay, Ghazali Mebarki, Nadim El Wakil, and Anis Hamza --<br/>chapter 18. Two-phase flow in microchannels / Nadia Caney, Hasna Louahlia-Gualous, and André Bontemps. |
| 650 #7 - SUBJECT ADDED ENTRY--TOPICAL TERM | |
| Topical term or geographic name as entry element | Heat |
| General subdivision | Transmission. |
| Source of heading or term | BUEsh |
| 650 #7 - SUBJECT ADDED ENTRY--TOPICAL TERM | |
| Topical term or geographic name as entry element | Microelectromechanical systems. |
| Source of heading or term | BUEsh |
| 650 #7 - SUBJECT ADDED ENTRY--TOPICAL TERM | |
| Topical term or geographic name as entry element | Nanoelectromechanical systems. |
| Source of heading or term | BUEsh |
| 651 ## - SUBJECT ADDED ENTRY--GEOGRAPHIC NAME | |
| Source of heading or term | BUEsh |
| 653 ## - INDEX TERM--UNCONTROLLED | |
| Resource For college | Engineering, General |
| -- | Engineering, Mechanical |
| Arrived date list | November2018 |
| 655 ## - INDEX TERM--GENRE/FORM | |
| Form subdivision | Reading book |
| 700 1# - ADDED ENTRY--PERSONAL NAME | |
| Personal name | Kakaç, S. |
| Fuller form of name | (Sadık) |
| 9 (RLIN) | 41884 |
| 700 1# - ADDED ENTRY--PERSONAL NAME | |
| Personal name | Cotta, Renato Machado. |
| 9 (RLIN) | 41885 |
| 942 ## - ADDED ENTRY ELEMENTS (KOHA) | |
| Source of classification or shelving scheme | Dewey Decimal Classification |
| Withdrawn status | Item status | Source of classification or shelving scheme | Damaged status | Not for loan | Vendor | Home library | Current library | Shelving location | Date acquired | Source of acquisition | Cost, normal purchase price | Total Checkouts | Full call number | Barcode | Date last seen | Koha item type | Total Renewals | Date last borrowed |
|---|---|---|---|---|---|---|---|---|---|---|---|---|---|---|---|---|---|---|
| Dewey Decimal Classification | Baccah | Central Library | Central Library | First floor | 03/11/2018 | Purchase | 2700.00 | 621.4022 REB | 000043770 | 15/07/2025 | NB - Book (Non borrowing) | |||||||
| Dewey Decimal Classification | Baccah | Central Library | Central Library | First floor | 03/11/2018 | Purchase | 2700.00 | 2 | 621.4022 REB | 000043771 | 15/07/2025 | Book - Borrowing | 2 | 18/11/2020 | ||||
| Dewey Decimal Classification | Baccah | Central Library | Central Library | First floor | 03/11/2018 | Purchase | 2700.00 | 621.4022 REB | 000043772 | 15/07/2025 | Book - Borrowing |